Responses for show #6503 - Wednesday, December 19, 2012

Contestants

[<< previous game]

Jeannie Blanke, an insurance office manager from Newbury Park, California

Justin Kowal, a financial manager from Glen Burnie, Maryland

Susan Jann, an operations coordinator from Bristol, Pennsylvania (whose 2-day cash winnings total $42,400)

[next game >>]

Jeopardy! Round responses

MYTHING IN ACTION
(Alex: We're not lisping.)
GOVERNORS
ALL OVER THE WORLD
MR. OR MS. RODRIGUEZ
LEGAL TERMS
WORDPLAY RANDOM SAMPLER
    $200 16
Hades

Susan
    $200 8
(Jeannie: Uh, who is Kennedy?)

Mitt Romney

JustinJeannie
    $200 1
Istanbul

Susan
    $200 11
Alex Rodriguez

Justin
    $200 21
sustain

Jeannie
    $400 17
(Justin: What are the Sirens?)
(Jeannie: Who are the Muses?)

the Pleiades

JustinJeannie
Triple Stumper
    $400 7
New York

Jeannie
    $400 2
(Susan: What is Victoria?)

Queensland

SusanJustin
    $400 12
(Jeannie: What is Survivor?)

Lost

SusanJeannie
    $400 22
a subpoena

Justin
    $400 29
[The end-of-round signal sounds.]

masticate

Jeannie
    $600 18
Cassandra

Jeannie
    $600 3
Indiana

Justin
    $600 5
Germany

Justin
    $600 13
Chi-Chi Rodriguez

Justin
    $600 23
a tort

Justin
    $600 28
Grover Cleveland Browns

Susan
    $800 19
a wolf

Triple Stumper
    $800 4
Jeb Bush

Susan
    $800 10
(Jeannie: What is Colombia?)

Brazil

SusanJeannie
    $800 14
Six Feet Under

Susan
    $800 24
(Alex: That's right, with less than a minute to go.)

aggravated

Susan
    $800 27
drift & draft

Susan
    $600 20
(Jeannie: What is Greece?)

Carthage

Jeannie
    $1000 6
(Alex: From Louisiana, yes.)

Bobby Jindal

Justin
    $1000 9
Equatorial Guinea

Susan
    $1000 15
"K-Rod"

Justin
    $1000 25
the arraignment

Triple Stumper
    $1000 26
a regal beagle

Susan

Scores at the first commercial break (after clue 15):

Susan Justin Jeannie
$3,600 $4,600 -$1,000

Scores at the end of the Jeopardy! Round:

Susan Justin Jeannie
$7,000 $5,200 -$800

Double Jeopardy! Round responses

MEDICAL ETYMOLOGY
FILM SCHOOL
HISTORIC NAMES
CHRISTMAS POP SONGS
A LITTLE LIT
TOUR "DE" FRANCE
    $400 1
Salmonella

Susan
    $400 14
Dreyfus

Susan
    $400 6
(Justin: What is "We Are The World"?)

"Do They Know It's Christmas?"

Justin
Triple Stumper
    $400 20
Roots

Susan
    $800 2
blood

Jeannie
    $800 27
[The end-of-round signal sounds.]

a jump cut

Triple Stumper
    $800 11
the Cape of Good Hope

Justin
    $800 7
Justin Bieber

Justin
    $800 19
(Jeannie: Uh, who is Minneha?)
(Alex: Say it again.)
(Jeannie: Who is [*]?)

Minnehaha

Jeannie
    $1,000 3
anthrax

Jeannie
    $1200 25
backlit

Susan
    $1200 8
Sixtus

Justin
    $1200 13
Gene Autry

Justin
    $1200 23
(Omar) Khayyám

Justin
    $1200 12
dénouement

Susan
    $1600 4
goiter

Susan
    $1600 17
the dailies

Susan
    $1600 9
Robert Fulton

Susan
    $1600 22
"Come Home"

Jeannie
    $2,400 24
(Justin: Let's do... $2,400.)
(Alex: Okay, with a minute to go.)
...
(Justin: No idea.)

Lolita

Justin
    $1600 15
debacle

Triple Stumper
    $2000 5
abrasion

Susan
    $2000 18
the leader

Triple Stumper
    $2000 10
Dowager

Justin
    $2000 21
The Waitresses

Susan
    $2000 26
Siddhartha

Justin
    $2000 16
(Susan: What is downwardly mobile?)

déclassé

Susan
Triple Stumper

Scores at the end of the Double Jeopardy! Round:

Susan Justin Jeannie
$17,400 $11,600 $3,400

[wagering suggestions for these scores]

Final Jeopardy! Round responses

SHAKESPEARE
JeannieWhat is Antony and Cleopatra?
$3,000
JustinWhat are Troilus & Cressida?
$5,801
SusanWhat is Romeo and Juliet?
$6,000
Antony and Cleopatra

Final scores:

Susan Justin Jeannie
$11,400 $5,799 $6,400
3-day champion: $53,800 3rd place: $1,000 2nd place: $2,000

Game dynamics:

Coryat scores:

Susan Justin Jeannie
$17,400 $14,000 $4,200
21 R,
2 W
17 R,
3 W
(including 1 DD)
8 R
(including 1 DD),
5 W
(including 1 DD)

Combined Coryat: $35,600

The J! Archive is created by fans, for fans. The Jeopardy! game show and all elements thereof, including but not limited to copyright and trademark thereto, are the property of Jeopardy Productions, Inc. and are protected under law. This website is not affiliated with, sponsored by, or operated by Jeopardy Productions, Inc. Join the discussion at JBoard.tv.